000 01421nam a2200385 a 4500
001 ebr10527217
003 CaPaEBR
006 m u
007 cr cn|||||||||
008 111013s2011 dcua sb 000 0 eng d
010 _z 2011041960
020 _z9780821389126
020 _z9780821389133 (e-book)
040 _aCaPaEBR
_cCaPaEBR
035 _a(OCoLC)778436421
043 _aaz-----
050 1 4 _aHD5812.57.A6
_bM67 2011eb
082 0 4 _a331.120954
_223
245 0 0 _aMore and better jobs in South Asia
_h[electronic resource] /
_cWorld Bank.
260 _aWashington, D.C. :
_bWorld Bank,
_c2011.
300 _axxiv, 326 p. :
_bill.
490 1 _aSouth Asia development matters
504 _aIncludes bibliographical references.
533 _aElectronic reproduction.
_bPalo Alto, Calif. :
_cebrary,
_d2013.
_nAvailable via World Wide Web.
_nAccess may be limited to ebrary affiliated libraries.
650 0 _aLabor market
_zSouth Asia.
650 0 _aLabor policy
_zSouth Asia.
650 0 _aLabor supply
_zSouth Asia.
651 0 _aSouth Asia
_xEconomic policy.
651 0 _aSouth Asia
_xEconomic conditions.
655 7 _aElectronic books.
_2local
710 2 _aWorld Bank.
710 2 _aebrary, Inc.
830 0 _aSouth Asia development matters.
856 4 0 _uhttp://site.ebrary.com/lib/rucke/Doc?id=10527217
_zAn electronic book accessible through the World Wide Web; click to view
999 _c144888
_d144888